50 Cities of 50 States Quiz - Hard Version - Statistics

General Stats
  • This quiz has been taken 121 times
  • The average score is 18 of 50
Answer Stats
Hint Answer % Correct
Sitka Alaska
81%
Rehoboth Beach Delaware
81%
Alamogordo New Mexico
77%
Bar Harbor Maine
75%
Arkadelphia Arkansas
62%
Enid Oklahoma
57%
Liberal Kansas
56%
Gillette Wyoming
56%
Arvada Colorado
55%
Livonia Michigan
52%
Parma Ohio
52%
Hoover Alabama
49%
Pearland Texas
49%
Dunwoody Georgia
44%
Essex Junction Vermont
42%
Kingman Arizona
40%
Tustin California
40%
Muscatine Iowa
40%
Drexel Hill Pennsylvania
39%
Beckley West Virginia
38%
Kannapolis North Carolina
36%
Shoreline Washington
35%
Williston North Dakota
34%
Spearfish South Dakota
34%
Tarrytown New York
32%
Hurricane Utah
31%
Aventura Florida
30%
Kuna Idaho
29%
Whitefish Montana
29%
Tigard Oregon
29%
Peru Indiana
27%
Laurel Mississippi
27%
Meriden Connecticut
26%
Ocean Pointe Hawaii
26%
Zachary Louisiana
26%
Buffalo Grove Illinois
25%
Ocean Acres New Jersey
25%
Eagan Minnesota
23%
Laconia New Hampshire
23%
Dyersburg Tennessee
23%
Lenox Massachusetts
22%
Sun Prairie Wisconsin
22%
Abbeville South Carolina
21%
Eldersburg Maryland
19%
Tiverton Rhode Island
19%
Sedalia Missouri
18%
Crete Nebraska
14%
Whitney Nevada
14%
Glens Falls Virginia
14%
Calvert City Kentucky
13%
No matching quizzes found
Score Distribution
Percent of People with Each Score
Percentile by Number Answered
Your Score History
You have not taken this quiz